El pequeño John Willie / [por] C. Cookson... [et. al.]

محفوظ في:
التفاصيل البيبلوغرافية
المؤلف الرئيسي: Cookson, C. (autor)
التنسيق: كتاب
سلاسل:Biblioteca de Selecciones
الموضوعات:
الوسوم: إضافة وسم
لا توجد وسوم, كن أول من يضع وسما على هذه التسجيلة!

MARC

LEADER 00000nam^a2200000^u^4500
001 000544493
005 20250521000000.0
008 060220s1000^^^^^^^^^^^^r^^^^^000^0^spa^d
009 20260310131328.967
035 |a FMI 000013683 
037 |a Acervo Xavier Clavigero 
096 |a 9.1.1/45/B 
100 |a Cookson, C.  |e (autor) 
245 1 3 |a El pequeño John Willie / [por] C. Cookson... [et. al.] 
264 |a Madrid : Selecciones del Reader's Digest, 1976 
300 |a 475 p. 
336 |a texto  |b txt  |2 rdacontenido 
337 |a sin mediación  |b n  |2 rdamedio 
338 |a volumen  |b nc  |2 rdasoporte 
440 0 |a Biblioteca de Selecciones 
597 |a Los Cambistas.-¿Dónde están los niños?.-La mujer desnuda 
649 |a XX 
650 |a Novela 
910 |a Fondo Francisco Migoya Covarrubias S.J. 
920 |a Impresos - Libros 
930 |a Fondos Especiales 
905 |a 134 
901 |a SBC07694  |b IT2  |c ESP  |u 20250521 
902 |a https://opac.biblio.iteso.mx/vufind/Record/000544493